00656nam a2200169Ia 4500008004000000020001800040082001600058100002900074245003200103260005100135300001400186650008600200690001000286906001100296999001900307952016000326210210b1999 xxu||||| |||| 00| 0 eng d a81 7648 115 7 a362.83 CHAA aCHAKRABORTY (Dipangshu). aAtrocities on Indian women. aNew DelhibA P H Publishing Corporationc1999 axviii,197 aAtrocities Women Woman Crimes Victimisation Rape Bride Burning Prostitution Dowry aWomen a061339 c107998d107998 001040708Social WorkaALbALcSocial Workd2021-02-17eAlka Prakashan Kanpur-208007g400.00l0o362.83 CHAAp061339r2021-02-17 00:00:00w2021-02-17yBK